Quotes on Meetings in Management / (Record no. 4747)
[ view plain ]
| 000 -LEADER | |
|---|---|
| fixed length control field | 00521 a2200169 4500 |
| 020 ## - INTERNATIONAL STANDARD BOOK NUMBER | |
| International Standard Book Number | 8186104356 |
| 082 ## - DEWEY DECIMAL CLASSIFICATION NUMBER | |
| Classification number | 658 |
| 245 ## - TITLE STATEMENT | |
| Title | Quotes on Meetings in Management / |
| Statement of responsibility, etc. | complied by Subhash C. Sethi & Vandana Sethi |
| 260 ## - PUBLICATION, DISTRIBUTION, ETC. | |
| Place of publication, distribution, etc. | New Delhi: |
| Name of publisher, distributor, etc. | Beacon Books, |
| Date of publication, distribution, etc. | 1997. |
| 300 ## - PHYSICAL DESCRIPTION | |
| Extent | 149 p. : |
| Other physical details | ill. ; |
| Dimensions | 24 cm. |
| 440 ## - SERIES STATEMENT/ADDED ENTRY--TITLE | |
| Title | Illustrated series on management |
| 9 (RLIN) | 122670 |
| 500 ## - GENERAL NOTE | |
| General note | Includes Index |
| 650 ## - SUBJECT ADDED ENTRY--TOPICAL TERM | |
| Topical term or geographic name entry element | Management. |
| 700 ## - ADDED ENTRY--PERSONAL NAME | |
| Personal name | Subhash C. Sethi |
| 9 (RLIN) | 122671 |
| 700 ## - ADDED ENTRY--PERSONAL NAME | |
| Personal name | Vandana Sethi |
| 9 (RLIN) | 122672 |
| 942 ## - ADDED ENTRY ELEMENTS (KOHA) | |
| Koha item type | Book |
| Call number prefix | 658 SET |
| Source of classification or shelving scheme | |
| Withdrawn status | Lost status | Source of classification or shelving scheme | Damaged status | Not for loan | Permanent Location | Current Location | Shelving location | Date acquired | Total Checkouts | Full call number | Barcode | Date last seen | Date last checked out | Price effective from | Koha item type |
|---|---|---|---|---|---|---|---|---|---|---|---|---|---|---|---|
| Central Library (CL) | Central Library (CL) | General Stacks | 06/26/2001 | 1 | 658 QUO | SEECS001038 | 12/31/2019 | 10/04/2018 | 01/05/2017 | Book |
